Modern radio production (Record no. 253725)
[ view plain ]
| 000 -LEADER | |
|---|---|
| fixed length control field | 00432nam a22001577a 4500 |
| 003 - CONTROL NUMBER IDENTIFIER | |
| control field | OSt |
| 005 - DATE AND TIME OF LATEST TRANSACTION | |
| control field | 20160517095502.0 |
| 008 - FIXED-LENGTH DATA ELEMENTS--GENERAL INFORMATION | |
| fixed length control field | 160517b xxu||||| |||| 00| 0 eng d |
| 020 ## - INTERNATIONAL STANDARD BOOK NUMBER | |
| International Standard Book Number | 0534561063 |
| 040 ## - CATALOGING SOURCE | |
| Transcribing agency | N/A |
| 100 ## - MAIN ENTRY--PERSONAL NAME | |
| Personal name | Hausman Carl |
| 245 ## - TITLE STATEMENT | |
| Title | Modern radio production |
| Remainder of title | production programming,and performance |
| 250 ## - EDITION STATEMENT | |
| Edition statement | 5th ed |
| 260 ## - PUBLICATION, DISTRIBUTION, ETC. (IMPRINT) | |
| Place of publication, distribution, etc | U.S.A. |
| Name of publisher, distributor, etc | Wadsworth a division of Thomaaon Learning |
| Date of publication, distribution, etc | 2000 |
| 942 ## - ADDED ENTRY ELEMENTS (KOHA) | |
| Source of classification or shelving scheme | Library of Congress Classification |
| Koha item type | Long Loan Books |
No items available.
